| 000 | 00431nam a22001457a 4500 | ||
|---|---|---|---|
| 008 | 230608b |||||||| |||| 00| 0 eng d | ||
| 040 |
_aNational Science Library _cNational Science Library |
||
| 080 |
_a621.039(540) _bN8 |
||
| 100 |
_aSundaram, C V _911174 |
||
| 245 |
_aAtomic years in India: _b50 years |
||
| 260 |
_aNew Delhi: _bDepartment of Atomic Energy, _c1998 |
||
| 300 | _a277p. | ||
| 650 | _aScience | ||
| 942 |
_2udc _cBK |
||
| 999 |
_c40824 _d40824 |
||